| 000 | 02933cam a22005294i 4500 | ||
|---|---|---|---|
| 003 | PE-LiUPU | ||
| 005 | 20250731173007.0 | ||
| 008 | 150616s1990 br r 000 0 spa d | ||
| 035 | _a(Sirsi) a2226 | ||
| 040 |
_aPE-LiUPU _bspa _cPE-LiUPU _erda |
||
| 049 | _aPRUA | ||
| 082 | 0 | 4 |
_b _221 |
| 110 | 2 | _aDepartamento de Jóvenes Misioneros Voluntarios. División Sudamericana | |
| 245 | 1 | 0 | _aCurso de preparación para consejeros conquistadores. |
| 264 | 1 |
_aSao Paulo : _bDepartamento de los Jóvenes Misioneros Voluntarios División Sudamericana, _c1990. |
|
| 300 |
_a199 páginas : _bilustraciones ; _c26 cm |
||
| 336 |
_atext _2rdacontent |
||
| 337 |
_aunmediated _2rdamedia |
||
| 338 |
_avolume _2rdacarrier |
||
| 500 | _aEdición fotocopiada. | ||
| 505 | 0 | _aMiremos al guía -- Cómo organizar un club de conquistadores -- Aquí viene el conquistador -- Juntos hacia adelante -- Actividades manuales -- El gozo del descubrimiento -- Vamos al campamento! -- Filosofía básica de los conquistadores -- El conquistador como individuo -- Organización del programa -- Sirviendo a la comunidad -- El conquistador necesita la amistad de los adultos -- Relaciones públicas -- Adiestramiento del personal -- Evaluación del club -- La consevación del interés -- Orientación -- Ejercicios de formación -- Ceremonias -- Juegos al aire libre -- Trabajos en metal -- Cestería -- Fabricación de lámparas -- Decoración floral -- Estudio de la naturaleza -- Actividades al aire libre -- Actividades para el día sábado -- Excursiones de estudio práctico -- El arte de colecciona. | |
| 526 | _aSEG42 | ||
| 526 | _aSEG41 | ||
| 526 | _aSEG40 | ||
| 526 | _aSEG39 | ||
| 526 | _aP94 | ||
| 526 | _aP87 | ||
| 526 | _aP86 | ||
| 526 | _aP85 | ||
| 526 | _aP77 | ||
| 526 | _aP76 | ||
| 526 | _aP35 | ||
| 650 | 0 | 4 | _aJóvenes (IASD). |
| 650 | 0 | 4 | _aSOCIEDADES Y CLUBES. |
| 910 |
_ajck _bjvq _cjck |
||
| 942 |
_2ddc _cBOOK |
||
| 949 |
_a267.7027 D57 _wDEWEY _c1 _i26039 _lCCODEBUL1 _mBUL _p00.00 _r0 _sY _tBOOK _u2015-04-23 _xBIBLIOTECA _zUNKNOWN _0COMPRA _o.STAFF. Colección General |
||
| 949 |
_a267.7027 D57 _wDEWEY _c2 _i26038 _lCCODEBUL1 _mBUL _p00.00 _r0 _sY _tBOOK _u19860807 _xTEOLOGIA _zUNKNOWN _0COMPRA _o.STAFF. Colección General |
||
| 994 |
_aC0 _bPEPRU |
||
| 596 | _a1 2 | ||
| 999 |
_a267.7027 D57 _wDEWEY _c22812 _i26039 _d22812 _e2018-5-4 _f2021-11-10 _g5 _lCCODEBUL1 _mBUL _n3 _q1 _r0 _sY _tBOOK _u2015-4-23 _xTEOLOGIA _zUNKNOWN _0COMPRA _o.STAFF. Colección General |
||
| 999 |
_a267.7027 D57 _wDEWEY _c2 _i26038 _lLOST _mBUL _r1 _sY _tBOOK _u2015-6-16 _xTEOLOGIA _zUNKNOWN _0COMPRA _o.STAFF. Colección General |
||
| 999 |
_a267.7027 D57 _wDEWEY _c1 _iFT01958 _lCATALOGING _mBUT _r0 _sY _tBOOK _u2015-11-20 _xBIBLIOTECA _zUNKNOWN _0DONACION _o.STAFF. Colección General |
||
| 980 |
_81 _gALBERTO SANCHEZ Responsable de Automatización |
||